Biblioteca Fatec Adamantina

Raízes da transformação : (Registro n. 296)

Detalhes MARC
000 -LEADER
fixed length control field 00761nam a22002537a 4500
003 - CONTROL NUMBER IDENTIFIER
control field OSt
005 - DATE AND TIME OF LATEST TRANSACTION
control field 20250326140311.0
007 - PHYSICAL DESCRIPTION FIXED FIELD--GENERAL INFORMATION
fixed length control field ta
008 - FIXED-LENGTH DATA ELEMENTS--GENERAL INFORMATION
fixed length control field 250326b bl ||||| |||| 00| 0 por d
020 ## - INTERNATIONAL STANDARD BOOK NUMBER
International Standard Book Number 8585651075
Qualifying information (encad.)
040 ## - CATALOGING SOURCE
Language of cataloging por
Transcribing agency OSt
041 0# - LANGUAGE CODE
Language code of text/sound track or separate title por
Language code of original por
082 ## - DEWEY DECIMAL CLASSIFICATION NUMBER
Classification number 658.3
Item number O26r
100 1# - MAIN ENTRY--PERSONAL NAME
Personal name O'Donnell, Ken
Dates associated with a name 1952-
9 (RLIN) 412
210 ## - ABBREVIATED TITLE
Source Raízes da transformação
245 10 - TITLE STATEMENT
Title Raízes da transformação :
Remainder of title a qualidade individual como base da qualidade total /
260 ## - PUBLICATION, DISTRIBUTION, ETC.
Place of publication, distribution, etc. Salvador :
Name of publisher, distributor, etc. Casa da Qualidade,
Date of publication, distribution, etc. 1994.
300 ## - PHYSICAL DESCRIPTION
Extent 120 p. :
Other physical details il. ;
Dimensions 23 cm
650 04 - SUBJECT ADDED ENTRY--TOPICAL TERM
Topical term or geographic name entry element Administração de pessoal
650 04 - SUBJECT ADDED ENTRY--TOPICAL TERM
Topical term or geographic name entry element Mudança organizacional
650 04 - SUBJECT ADDED ENTRY--TOPICAL TERM
Topical term or geographic name entry element Qualidade de vida no trabalho
650 04 - SUBJECT ADDED ENTRY--TOPICAL TERM
Topical term or geographic name entry element Satisfação no trabalho
942 ## - ADDED ENTRY ELEMENTS (KOHA)
Source of classification or shelving scheme Dewey Decimal Classification
Koha item type LIVRO
Suppress in OPAC No
Exemplares
Withdrawn status Lost status Source of classification or shelving scheme Damaged status Not for loan Home library Current library Date acquired Total checkouts Full call number Barcode Date last seen Copy number Price effective from Koha item type
    Dewey Decimal Classification     Biblioteca Fatec Adamantina Biblioteca Fatec Adamantina 26.03.2025   658.3 - O26r 2025-1155 26.03.2025 ex.1 26.03.2025 LIVRO

Para mais informações envie um e-mail para [email protected].